000 00546nam a22001817a 4500
003 CEME
005 20210628202641.0
008 210127b xxu||||| |||| 00| 0 eng d
020 _a0-8031-0459-6
040 _c.
082 _a621.38152 EME
100 _aGupta, Dinesh C Langer, P.H
_960913
245 _aEmerging semiconductor technology
260 _aUSA
_bASTM
_c1987
300 _a704P
650 _aSEMICONDUCTOR INDUSTRY CONGRESSES, SEMICONDUCTORS DESIGN AND CONSTRUCTION CONGRESSES. SEMICONDUCTOR TECHNOLOGY
_960914
942 _cBK
_2ddc
999 _c570515
_d570515